|
|
|
|
| LEADER |
00796nab a2200229 i 4500 |
| 001 |
misc66177 |
| 005 |
20240916145831.0 |
| 008 |
240227s1952 hu o 000 ger d |
| 040 |
|
|
|a SZTE Miscellanea Repozitórium
|b hun
|
| 041 |
|
|
|a ger
|
| 100 |
1 |
|
|a Steinitz Wolfgang
|
| 245 |
1 |
4 |
|a Die Erforschung der deutschen Sprache der Gegenwart
|h [elektronikus dokumentum] /
|c Steinitz Wolfgang
|
| 260 |
|
|
|a Akademie Verlag
|b [Berlin]
|c 1952
|
| 300 |
|
|
|a 492-505
|c 23 cm
|
| 300 |
|
|
|a [14] p.
|c 23 cm
|
| 490 |
0 |
|
|a Wissenschaftliche Annalen
|
| 561 |
|
|
|a Németh Gyula hagyaték
|
| 591 |
|
|
|a NOV 5789; NOV 5790
|
| 650 |
|
4 |
|a Bölcsészettudományok
|
| 650 |
|
4 |
|a Nyelvek és irodalom
|
| 695 |
|
|
|a Nyelvészet - német, Német nyelv
|
| 856 |
4 |
0 |
|u http://misc.bibl.u-szeged.hu/66177/1/5790_nov.pdf
|z Dokumentum-elérés
|